00514nam a22001217a 4500008004100000082001700041245013200058260004500190300001000235942001200245999001500257952012000272230612b xxu||||| |||| 00| 0 eng d a354.676bGOK a2012/2013 Estimates of Recurrent Expenditure of the Government of Kenya for the Year Ending 30th June 2013cGovernment of Kenya aNairobibGovernment of KenyacApril 2012 a578 p 2ddccBK c1116d1116 00102ddc4070a001b001d2023-06-12l0o354.676 GOKp100001600r2023-06-12tVol I Votes R101-R120w2023-06-12yBK